Statistics for Countries Closest to Antarctica

Click here to take the quiz!

General Stats

  • This quiz has been taken 68 times
  • The average score is 18 of 20

Answer Stats

D (km) Country % Correct
857Argentina
100%
829Chile
100%
1,295Australia
98%
2,280South Africa
98%
3,026Brazil
98%
1,570New Zealand
97%
2,907Uruguay
97%
3,725Paraguay
97%
4,889Peru
90%
4,304Bolivia
90%
4,713Botswana
87%
4,514Namibia
87%
4,551Mozambique
85%
4,516Madagascar
85%
4,236Lesotho
85%
5,066Zimbabwe
85%
4,521Swaziland
84%
5,140Vanuatu
79%
5,028Fiji
74%
5,046Mauritius
72%

Score Distribution

Percentile by Number Answered

Percent of People with Each Score

Your Score History

You have not taken this quiz